000 00949nam a22002777a 4500
001 00260
003 DO-SdBNP
005 20170919131932.0
008 151201b 1981 dr || 00| 0 spa d
040 _aBPMSU
_bspa
_cBPMSU
082 4 _a330.97293
_bE19p
092 _b
100 1 _aGómez, Luis
245 1 0 _aEconomía política e investigación social :
_b 2da. recopilación /
_c Luis Gómez ; presentación Josefina Padilla.
260 _aSanto Domingo :
_bCIAC,
_c1981.
300 _a320 p.
_bil.
_c21 cm.
500 _aEdición a cargo del (CIAC).
650 _aCIENCIAS SOCIALES
_xINVESTIGACIONES
651 _aREPÚBLICA DOMINICANA
_xCONDICIONES ECONÓMICAS
651 _aREPÚBLICA DOMINICANA
_xPOLÍTICA ECONÓMICA
700 1 2 _aPadilla, Josefina,
710 2 2 _aCentro de Investigación y Apoyo Cultural (República Dominicana)
910 _aValidado. Control de calidad MFF
942 _2ddc
_cBK
945 _aInventariado / 2017 VM
999 _c8978
_d8978